| 000 | 01121nam a22002537a 4500 | ||
|---|---|---|---|
| 005 | 20210901051415.0 | ||
| 008 | 130821s1938 ck gr spa | ||
| 040 |
_aCo-BoUCM _bspa _cSandra Yazo (modificó) _dSandra Yazo (modificó) |
||
| 041 | 0 | 0 | _aspa |
| 092 | _aFM 000806 | ||
| 100 |
_aMosquera Garces, Manuel _d1901-1972 _9105109 |
||
| 245 | 0 | 3 |
_aLa ciudad creyente _cManuel Mosquera Garcés |
| 260 |
_aBogotá (Colombia) _bEditorial Centro _c1938 |
||
| 300 | _a229 páginas | ||
| 500 | _aEdición conmemorativa del cuarto centenario de la fundación de Bogotá, 1538-1938. -- Incluye bibliografía e índice. -- Este libro se encuentra en el depósito de la biblioteca | ||
| 600 |
_aArias de Ugarte, Fernando _cArzobispo _d1561-1638 _9105110 |
||
| 600 |
_aHerrera Restrepo, Bernardo _cArzobispo _d1844-1928 _9105111 |
||
| 600 |
_aPaul, José Telesforo _cArzobispo _d1831-1889 _9105112 |
||
| 610 |
_aIglesia Católica _93579 |
||
| 610 |
_aIglesia Católica _xHistoria _zBogotá (Colombia) _97705 |
||
| 650 | 0 | 4 |
_aHistoria _97695 |
| 651 |
_aBogotá (Colombia) _9457 |
||
| 942 |
_cLIBRO _a27 _e1 _n0 _2LOCAL _hFM 000806 |
||
| 999 |
_c84722 _d84722 |
||